| 000 | 00849nam a2200241 i 4500 | ||
|---|---|---|---|
| 001 | 187015 | ||
| 003 | SpMaBN | ||
| 005 | 20240507111653.0 | ||
| 008 | 170329s1991 sp |||| | spa d | ||
| 020 | _a84-7719-239-1 | ||
| 080 | _a821.111 Shakespeare, William 1.07 | ||
| 100 | 1 |
_aDuque, Pedro J. _9162224 |
|
| 245 | 1 | 0 |
_aEspaña en Shakespeare _b: presencia de España y lo español en Shakespeare y su obra / _cPedro J. Duque. |
| 260 |
_a[Bilbao] : _bUniversidad de Deusto ; _aLeón : _bUniversidad, _c1991. |
||
| 300 |
_a427 p. ; _c24 cm. |
||
| 500 | _aÍndice. | ||
| 504 | _aBibliografía : p. 407-415. | ||
| 600 | 1 | 4 |
_aShakespeare, William, _d1564-1616- _xCrítica e interpretación _9105993 |
| 710 | 2 |
_aUniversidad de Deusto. _97172 |
|
| 710 | 2 |
_aUniversidad de León. _97200 |
|
| 852 |
_aES-MaACL _jL-31334 |
||
| 999 |
_c187015 _d187015 |
||